Simón Bolivar en tres perfiles: ensayo de aproximación a sus ideas fundamentales
En este libro el autor presenta tres facetas que fueron constantes en el pensamiento de Simón Bolivar, y que en el presente de América Latina han desbordado las fronteras de simples referencias éticas para convertirse en formulaciones políticas. Estas son: la probidad en el manejo de los dineros púb...
Sábháilte in:
| Príomhchruthaitheoir: | |
|---|---|
| Údar corparáideach: | |
| Formáid: | Téacs |
| Foilsithe / Cruthaithe: |
México, D.F.:
Paradigma
|
| Eagrán: | 2 |
| Ábhair: | |
| Clibeanna: |
Cuir clib leis
Níl clibeanna ann, Bí ar an gcéad duine le clib a chur leis an taifead seo!
|
MARC
| LEADER | 00000 a a2200000 04500 | ||
|---|---|---|---|
| 001 | 30526 | ||
| 003 | |||
| 040 | |||
| 020 | |a 970-91088-5-9 | ||
| 090 | |a 195400 | ||
| 100 | |a Liscano, Alirio | ||
| 110 | |a Universidad de la Habana | ||
| 245 | |a Simón Bolivar en tres perfiles: ensayo de aproximación a sus ideas fundamentales | ||
| 250 | |a 2 | ||
| 260 | |a México, D.F.: |b Paradigma | ||
| 300 | |a 120 p. |b il. |b map. | ||
| 500 | |a Incluye datos cronologicos del libertador Simón Bolívar | ||
| 520 | |a En este libro el autor presenta tres facetas que fueron constantes en el pensamiento de Simón Bolivar, y que en el presente de América Latina han desbordado las fronteras de simples referencias éticas para convertirse en formulaciones políticas. Estas son: la probidad en el manejo de los dineros públicos, la conservación de los recursos naturales, incluida la flora y la fauna y el agua, y la necesaria unidad "hispanoamericana", por la defensa de la soberanía nacional de estos países frente a Estados Unidos | ||
| 650 | |a AMERICA LATINA | ||
| 650 | |a IMPERIALISMO | ||
| 650 | |a HISTORIA | ||
| 650 | |a INDEPENDENCIA | ||
| 650 | |a IDENTIDAD CULTURAL | ||
| 650 | |a INTEGRACION POLITICA | ||
| 650 | |a INTEGRACION SOCIAL | ||
| 650 | |a ELITE | ||
| 650 | |a PODER POLITICO | ||
| 650 | |a DESIGUALDAD SOCIAL | ||
| 650 | |a ADMINISTRACION PUBLICA | ||
| 650 | |a CORRUPCION | ||
| 650 | |a ADMINISTRACION DE RECURSOS | ||
| 650 | |a ETICA | ||
| 650 | |a LEGISLACION | ||
| 650 | |a CONSERVACIO | ||
| 999 | |c 12676 |d 12676 | ||



